000 00926nam a2200253 a 4500
001 BRCA_6619
005 20190320205529.0
008 081010c1964----ag-af#####---#000-0#spa-#
041 _aspa
044 _aag
050 4 _aND553
_b.P56 112 1964
245 1 0 _aGeorges Rouault
_cmonografía por Enrico Crispolti ; traducción por Ángel Sánchez Gijón ; enfoque de actualidad, por Catalina E. Lago.
260 _aArgentina
_bCodex
_c[1964]
300 _a1 v. (sin paginación)
_bil., 16 láminas a color
_c36 cm.
440 0 _aPinacoteca de los genios : la más grandiosa colección de arte del mundo
_v112
_916569
500 _aIncluye índice de ilustraciones
500 _aDonación Dra. Elsa Barberena
600 1 4 _aRouault, Georges
_d1871-1958
_916570
700 1 _aCrispolti, Enrico
_916571
700 1 _aLago, Catalina E.
_916572
700 1 _aSánchez Gijón, Ángel
_etr.
_916573
902 _aDEB
942 _2lcc
_cB
999 _c6303
_d6303